| 000 -LEADER |
| fixed length control field |
00583nam a22002057a 4500 |
| 008 - FIXED-LENGTH DATA ELEMENTS--GENERAL INFORMATION |
| fixed length control field |
151022b xxu||||| |||| 00| 0 eng d |
| 020 ## - INTERNATIONAL STANDARD BOOK NUMBER |
| International Standard Book Number |
9780205537358 |
| 020 ## - INTERNATIONAL STANDARD BOOK NUMBER |
| International Standard Book Number |
0205537359 |
| 041 0# - LANGUAGE CODE |
| Language code of text/sound track or separate title |
eng |
| 080 ## - UNIVERSAL DECIMAL CLASSIFICATION NUMBER |
| Universal Decimal Classification number |
316.77 |
| 245 ## - TITLE STATEMENT |
| Title |
Race/gender/media : |
| Statement of responsibility, etc |
[edited by] Rebecca Ann Lind. |
| 250 ## - |
| -- |
2nd ed. |
| 260 ## - |
| -- |
Boston : |
| -- |
Allyn & Bacon, |
| -- |
c2010. |
| 300 ## - |
| -- |
xv, 363 f. ; |
| -- |
24 cm. |
| 650 #0 - |
| -- |
Raca |
| 650 #0 - |
| -- |
Marrëdhëniet |
| 650 #0 - |
| -- |
Media |
| 700 1# - |
| -- |
Lind, Rebecca Ann. |
| 942 ## - ADDED ENTRY ELEMENTS (KOHA) |
| Source of classification or shelving scheme |
|
| Item type |
Books |